000 00971nam a2200265Ia 4500
003 OSt
005 20221005112045.0
006 a|||||r|||| 00| 0
007 ta
008 221004b |||||||| |||| 00| 0 hin d
024 _a107452
037 _cTextual
040 _aCRL
_cCRL
_bhin
041 _2hin
_ahin
082 _aO152aN5, J8
100 _aमंगलनाथ सिंह
245 0 _aहिंदी में उच्चतर साहित्य
246 _aHiandī mean uchchatar sāhitya
260 _aवाराणासी
_bनागरीप्रचारिणी सभा भारत
_c1958
300 _a732पृ0
_ccm.
650 _aहिन्दी साहित्य
700 _a पांडेय, राजबली, संपा.
942 _hO152aN5, J8
_cTEXL
_2cc
999 _c1023702
_d1023702